Labour Markets and Wage Determination (Record no. 3128)

MARC details
000 -LEADER
fixed length control field 00347nam a22001337a 4500
008 - FIXED-LENGTH DATA ELEMENTS--GENERAL INFORMATION
fixed length control field 250423b |||||||| |||| 00| 0 eng d
020 ## - INTERNATIONAL STANDARD BOOK NUMBER
ISBN 0520030702
100 ## - MAIN ENTRY--AUTHOR
Author KERR Clark
245 ## - TITLE STATEMENT
Title Labour Markets and Wage Determination
260 ## - PUBLICATION, DISTRIBUTION, ETC. (IMPRINT)
Place of publication London
Name of publisher University of California Press
Date of publication Nil
300 ## - COLLATION
Pagination x, 222p.
942 ## - ADDED ENTRY ELEMENTS (KOHA)
Item type Books
050 ## - LIBRARY OF CONGRESS CALL NUMBER
Classification number HD8072
Item number .K47
Holdings
Source of classification or shelving scheme Not for loan Permanent location Current location Date acquired Accession No. Full call number Barcode. Koha item type
Library of Congress Classification   Samuel Ogbemudia Main Library, University of Abuja Samuel Ogbemudia Main Library, University of Abuja 04/22/2025 2002/24396 HD8072.K47 2025-1545 Books